[Event "Tula Suetin Memorial op"]
[Site "Tula"]
[Date "2002.03.24"]
[Round "2"]
[White "Kupreichik, Viktor D"]
[Black "Vaulin, Alexander"]
[Result "1-0"]
[WhiteElo "2421"]
[BlackElo "2560"]
[Annotator "Kupreichik,V"]
[PlyCount "41"]
[EventDate "2002.03.23"]
[EventType "swiss"]
[EventRounds "9"]
[EventCountry "RUS"]
[SourceTitle "CBM 087 Extra"]
[Source "ChessBase"]
[SourceDate "2002.05.03"]
[SourceVersion "2"]
[SourceVersionDate "2002.08.09"]
[SourceQuality "1"]

1. e4 c5 2. Nc3 Nc6 3. Nf3 e5 4. Bc4 Be7 5. d3 d6 6. O-O Bg4 $6 (6... Nf6 $142)
7. h3 Bh5 8. Nd5 Nf6 9. Ne3 Nd4 10. g4 Bg6 11. c3 Nxf3+ 12. Qxf3 Qd7 (12... O-O
$142 $14) 13. g5 Nh5 14. Nd5 Bd8 15. Qg4 a6 16. a4 f5 $6 (16... h6 $142 $16)
17. exf5 Qxf5 18. Qg2 Bf7 19. f4 $18 O-O 20. fxe5 Qxe5 21. Bd2 1-0

[Event "Horgen"]
[Site "Horgen"]
[Date "1995.10.31"]
[Round "10"]
[White "Timman, Jan H"]
[Black "Lautier, Joel"]
[Result "0-1"]
[WhiteElo "2595"]
[BlackElo "2645"]
[Annotator "Lautier,J"]
[PlyCount "44"]
[EventDate "1995.10.??"]
[EventType "tourn"]
[EventRounds "11"]
[EventCountry "SUI"]
[EventCategory "17"]
[SourceTitle "CBM 050"]
[Source "ChessBase"]
[SourceDate "1996.02.01"]
[SourceVersion "1"]
[SourceVersionDate "1996.02.01"]
[SourceQuality "1"]

1. e4 {Giese Horvath,T Timman} c5 2. Nf3 e6 3. Nc3 Nc6 4. Bb5 Nge7 5. O-O a6 6.
Bxc6 Nxc6 7. d4 cxd4 8. Nxd4 Qc7 9. Re1 Bd6 $1 $146 (9... d6 10. Nxc6 bxc6 11.
Qg4 $14) (9... Be7 10. Nxc6 bxc6 11. e5 O-O 12. Bf4 f5 $14 {Yudasin-Lautier/
Moscow/ol./1994}) 10. Nd5 $5 (10. h3 Nxd4 11. Qxd4 Be5 12. Qd3 (12. Nd5 exd5 (
12... Qd6 13. Qe3) 13. exd5 d6 14. f4 f6 15. fxe5 fxe5 16. Qf2 Qf7 $10) (12.
Qe3 O-O 13. Bd2 b5 $13 {Giblin-Quin/England/1994}) 12... b5 $10) (10. g3 Nxd4
11. Qxd4 Be5 12. Qd3 b5 $10 (12... b5 {Horvath,T} 13. a4 b4 $15 {
Liberus-Kveinis/Katowice/1990})) (10. Nxc6 $1 {Horvath,T} bxc6 (10... dxc6 $5)
(10... Bxh2+ $2 11. Kh1 bxc6 12. g3 Bxg3 13. fxg3 Qxg3 14. Re3 Qh4+ 15. Kg2 {
Horvath: Wegen der unentwickelten Schwarzen Stellung Weis steht besser.}) 11.
f4 $1 Bxf4 (11... e5 $5) 12. Bxf4 Qxf4 13. e5 $40) 10... exd5 (10... Bxh2+ $2
11. Kh1 exd5 12. exd5+ Be5 (12... Ne7 13. Nf5 Bd6 14. Nxe7 Bxe7 15. d6) 13.
Nxc6 $1 dxc6 14. d6 Qa5 15. Bf4 $16 f6 $2 16. Bxe5 fxe5 17. Qh5+ $18) 11. exd5+
Ne5 (11... Ne7 $2 12. Nf5 Kf8 13. Rxe7 $1 (13. Qe2 $18) 13... Bxe7 14. d6 Bxd6
15. Nxd6 $16 {->}) 12. Nf5 $4 (12. f4 $8 O-O 13. fxe5 Bxe5 14. Nf3 d6 (14...
Bf6 $5 15. d6 Qc6 $13 {/\ b5, Bb7}) 15. Nxe5 dxe5 16. d6 (16. b3 b5 $1 $10 {/\}
17. Ba3 b4 $1) 16... Qc5+ 17. Be3 Qc6 18. c4 b6 $1 $10) 12... O-O $19 13. Bh6 (
13. Bf4 f6 14. Re3 {/\ Qh5, Rg3} g6 $1 15. Rg3 Kh8 $19) (13. Qh5 g6 $1 14. Nh6+
(14. Qh6 gxf5 15. Bg5 (15. Qg5+ Ng6 $19) 15... Ng4 $19) 14... Kh8 15. Bg5 f6
$19) (13. Qd4 f6 14. Bh6 Rf7 $19 (14... gxh6 15. Rxe5 $132)) 13... gxh6 14. Qh5
Ng6 $1 15. Qxh6 Be5 16. d6 Qc5 {/\ Bh2!} 17. g4 (17. b4 Bxh2+ 18. Kxh2 Qxf5 $19
) 17... Re8 $1 (17... b5 $2 18. Re3 Bb7 19. Rh3 Rfc8 20. Qxh7+ Kf8 21. Nh6 $18)
18. Re4 (18. b4 Qc3 (18... Qxb4 $2 19. Rxe5 Qxg4+ 20. Kh1 Qf3+ (20... Nxe5 $2
21. Rg1 $18) 21. Kg1 $10) 19. Rad1 Re6 20. Re3 Qxb4 21. Rxe5 Qxg4+ 22. Kh1
Qxd1+ 23. Kg2 Qg4+ 24. Kf1 (24. Kh1 Nxe5 25. Ne7+ Rxe7 26. dxe7 Qe4+ $19) 24...
Nxe5 25. Ne7+ Rxe7 26. dxe7 Qc4+ 27. Kg1 Nf3+ 28. Kg2 Qg4+ 29. Kf1 Qg1+ 30. Ke2
Qe1+ 31. Kxf3 Qxe7 $19) (18. Re3 Re6 19. Rh3 (19. b4 Qxe3 $1 (19... Qxb4 $2 20.
Rxe5 Qxg4+ 21. Kf1 $1 Nxe5 22. Ne7+ Rxe7 23. dxe7 Qc4+ 24. Kg1 Qg4+ 25. Kf1 $1
$10) 20. fxe3 Bxa1 $19) 19... Nf8 20. Qg5+ (20. Ne7+ Rxe7 21. Qg5+ Ng6 22. dxe7
Qxe7 $19) 20... Kh8 21. Qd8 Bxd6 $19) (18. c4 $5 {/\ b4! Timman} Re6 (18... a5
$6 19. Rad1 $1 {/\ Rd5}) 19. b4 Bxa1 $1 20. Rxe6 (20. bxc5 Rxe1+ $19) 20...
dxe6 21. bxc5 exf5 $19) 18... Re6 19. Qg5 (19. Rae1 {/\ Re5} Bf6 $19) 19...
Bxd6 $1 20. Nh6+ Kh8 21. Nxf7+ Kg7 22. Qh6+ Kxf7 0-1

[Event "Poikovsky Karpov 04th"]
[Site "Poikovsky"]
[Date "2003.04.28"]
[Round "8"]
[White "Bologan, Viktor"]
[Black "Lautier, Joel"]
[Result "0-1"]
[WhiteElo "2663"]
[BlackElo "2666"]
[Annotator "Lautier,J"]
[PlyCount "114"]
[EventDate "2003.04.20"]
[EventType "tourn"]
[EventRounds "9"]
[EventCountry "RUS"]
[EventCategory "16"]
[SourceTitle "CBM 095"]
[Source "ChessBase"]
[SourceDate "2003.07.25"]
[SourceVersion "1"]
[SourceVersionDate "2003.07.25"]
[SourceQuality "1"]

1. e4 c5 2. Nf3 Nc6 3. Bb5 Nf6 4. Bxc6 $5 dxc6 5. d3 Nd7 {/\ e5} (5... Bg4) (
5... g6) 6. e5 $1 Nb6 7. Nbd2 Bf5 (7... Bg4 $6 8. h3 Bh5 9. e6 $1 $36) 8. O-O
e6 9. b3 Be7 10. Bb2 O-O 11. Re1 a5 $1 12. a4 Nd5 13. Ne4 Qc7 (13... Bg4 $5 14.
h3 Bh5 15. Ng3 Bg6 16. Qe2 Nb4) 14. Nfd2 b5 (14... Nb4 15. Nc4 $14) 15. Ng3 Bg6
16. Qg4 $1 {/\ h4-h5} Nb4 17. Rec1 (17. Rac1 Na2 18. Rcd1 Nb4 $11) 17... Rfd8
18. Nde4 Qd7 $5 (18... c4 19. bxc4 bxc4 20. dxc4 c5 21. h4 Nc6 22. h5 Bxe4 23.
Nxe4 $36) 19. Qe2 Qc7 20. Qg4 Qd7 21. h4 Bf5 22. Qf4 $1 (22. Nxf5 exf5 23. Qg3
Bxh4 (23... Qe6 24. Nf6+ Kh8 25. Nh5 Qg6 26. e6 $1 Qxg3 27. fxg3 f6 28. Bc3 $14
) 24. Qxh4 fxe4 25. Qxe4 Qe6 $13) 22... Nd5 23. Qf3 bxa4 (23... h6 24. Nxf5
exf5 25. Ng3 f4 26. Nh5 Qf5 27. e6 $14) 24. Rxa4 Nb6 25. Ra3 a4 26. Nd6 Bxd6
27. exd6 Qxd6 28. Nh5 (28. Nxf5 exf5 29. Qxf5 axb3 30. Rxb3 Nd7 $14) 28... f6
29. g4 Bg6 30. Nxg7 $6 (30. Nxf6+ $1 gxf6 31. Qxf6 e5 (31... Qf8 32. Qxe6+ Bf7
33. Qe5 Rd4 34. Qg5+ Bg6 35. Bxd4 (35. h5 Rd5) 35... cxd4 36. Raa1 $36 (36.
Rca1 Re8 $132)) 32. Qg5 $40) 30... Nd5 31. Bxf6 $2 $138 (31. Nh5 Bxh5 32. gxh5
axb3 33. Rxb3 e5 $15) (31. h5 $1 Kxg7 32. hxg6 Qf4 (32... axb3 33. Rxb3 $1 (33.
Rxa8 Rxa8 34. g5 Kxg6 35. gxf6 Qf4 36. Qg2+ Qg5 37. Qxg5+ Kxg5 38. cxb3 Nxf6
39. Rxc5+ Nd5 $11) 33... Qf4 34. Qh3 $36) 33. Qxf4 Nxf4 34. Rca1 $14) 31... Rf8
32. g5 Nxf6 33. gxf6 Qe5 $17 34. Qxc6 Qxf6 35. Qxe6+ Kxg7 36. Qxf6+ Rxf6 37.
Rxa4 Rxa4 38. bxa4 Rf4 39. Ra1 Rxh4 40. a5 Be8 $1 41. Kg2 (41. a6 Ra4 $19)
41... Ra4 42. Rxa4 Bxa4 43. a6 Kf6 44. a7 Bc6+ 45. Kg3 Kg5 46. c3 Ba8 $1 (46...
h5 $4 47. f4+ Kf5 48. Kh4 Kxf4 49. Kxh5 Ke3 50. d4 c4 51. Kg6 Kd3 52. Kf6 Kxc3
53. Ke5 Kb4 54. d5 Ba8 55. d6 c3 56. d7 c2 57. d8=Q c1=Q 58. Qxa8 Qg5+ $11) 47.
Kh3 Kf4 48. Kh4 (48. Kh2 Kf3 49. Kg1 h5 50. Kf1 h4 51. Kg1 Ke2 $1 52. Kh2 (52.
f4 Kf3 53. f5 Kg3 54. f6 h3 $19) 52... Kxf2 53. Kh3 Ke3 54. d4 c4 55. Kxh4 Kd3
$19) 48... Kf3 49. Kg5 Kxf2 50. Kf5 h5 51. d4 c4 52. Ke6 h4 53. d5 h3 54. d6 h2
55. d7 h1=Q 56. d8=Q Qe4+ 57. Kf7 Qd5+ (57... Qd5+ 58. Qxd5 Bxd5+ 59. Ke7 Ke3
60. Kd6 Bg2 61. Kc5 Kd3 $19) 0-1

[Event "Gibraltar Masters 10th"]
[Site "Caleta"]
[Date "2012.01.25"]
[Round "2"]
[White "Polgar, Judit"]
[Black "Ikonnikov, Vyacheslav"]
[Result "1-0"]
[WhiteElo "2710"]
[BlackElo "2531"]
[Annotator "Let's Check"]
[PlyCount "67"]
[EventDate "2012.01.24"]
[EventType "swiss"]
[EventRounds "10"]
[EventCountry "GGB"]
[SourceTitle "CBM 147"]
[Source "ChessBase"]
[SourceDate "2012.03.16"]
[SourceVersion "1"]
[SourceVersionDate "2012.03.16"]
[SourceQuality "1"]

1. e4 c5 2. Nf3 Nc6 3. Nc3 e5 4. Bc4 d6 5. d3 Be7 6. O-O Nf6 7. a3 O-O 8. Nd5
Nxd5 9. Bxd5 Be6 10. c3 Bxd5 11. exd5 Nb8 12. b4 Nd7 13. Re1 Re8 14. Rb1 Qc7
15. c4 b6 16. Re2 f5 17. Bd2 Bf6 18. Qc2 Re7 19. h3 Rae8 20. Rbe1 cxb4 21. axb4
b5 22. Bg5 e4 23. c5 exf3 24. Rxe7 Rxe7 25. Rxe7 Bxg5 26. Re8+ Kf7 27. Re1 Bf6
28. d4 Bxd4 29. Qxf5+ Nf6 30. Re6 g6 $2 (30... a5 31. cxd6 Qc1+ $11) 31. Qxf3
$18 dxc5 32. d6 Qd8 33. Re7+ Kg8 34. bxc5 1-0

[Event "Leon"]
[Site "Leon"]
[Date "1997.??.??"]
[Round "3"]
[White "Granda Zuniga, Julio E"]
[Black "Lima, Darcy Gustavo Macha"]
[Result "1-0"]
[WhiteElo "2620"]
[BlackElo "2420"]
[Annotator "Liss,E"]
[PlyCount "105"]
[EventDate "1997.06.05"]
[EventType "tourn"]
[EventRounds "9"]
[EventCountry "ESP"]
[EventCategory "10"]
[SourceTitle "CBM 060"]
[Source "ChessBase"]
[SourceDate "1997.09.29"]
[SourceVersion "1"]
[SourceVersionDate "1997.09.29"]
[SourceQuality "1"]

1. Nf3 c5 2. e4 Nc6 3. Bb5 e6 4. O-O Nge7 5. c3 a6 6. Ba4 b5 7. Bc2 Bb7 8. Re1
Rc8 9. a4 (9. d3 g6 10. Be3 d6 11. a3 Qc7 12. d4 cxd4 13. cxd4 Nb4 14. Nc3 {
1/2-1/2 Suetin,A-Teske,H/Bern op (03) 1996}) 9... Ng6 (9... b4 10. d3 (10. d4
bxc3 11. d5 Nb4 12. Nxc3 Ng6 13. Bb1 Be7 14. g3 O-O 15. h4 d6 16. h5 Ne5 17.
Nxe5 dxe5 18. dxe6 fxe6 19. Qg4 Qb6 20. Be3 Rcd8 21. a5 Qc6 22. Re2 c4 23. Bc2
Nxc2 24. Rxc2 Bb4 {Smyslov,V-Ivanchuk,V/Tilburg 10'(2) 1994/0-1 (60)}) 10...
Ng6 11. Nbd2 Be7 12. d4 bxc3 13. bxc3 cxd4 14. cxd4 Nb4 15. Bb1 Qc7 16. Ba3 O-O
17. Re3 Nc2 18. Bxc2 Qxc2 19. Qxc2 Rxc2 20. Bxe7 Nxe7 21. Rb3 Ba8 22. Rb6 Rfc8
23. Kf1 f5 24. exf5 Nxf5 {Slobodjan,R-Glek,I/Bonn GSK (05) ;CBM 45 1995/1/2-1/
2 (42)}) 10. Na3 b4 11. Nc4 Na5 (11... Be7 12. a5 d5 13. exd5 exd5 14. Nb6 Rc7
(14... Rb8 15. Bf5 $1 Nxa5 16. Nd7 Rc8 17. d4 $40) 15. d4 $36) 12. Ne3 Be7 13.
cxb4 cxb4 14. d4 O-O 15. b3 Qb6 16. Bb2 Rc7 17. Nd2 d5 18. e5 Rfc8 19. g3 {
White is going to push everything forward on the king side and black has
nothing much to offer against it} Bc6 20. h4 Be8 21. Rc1 Nf8 22. h5 Rc6 23. Nf3
Qd8 24. Kg2 R8c7 25. Re2 Qc8 26. Rb1 Qd7 27. Bd3 Qc8 28. Rc2 Rxc2 29. Bxc2 f6
30. g4 fxe5 31. dxe5 $1 {Clearing d4 for the knight} Nc6 32. Bd3 Bc5 33. Qe2
Nb8 34. Nc2 Qd8 35. Ncd4 $16 Rf7 36. Rc1 Qb6 37. Qc2 Nbd7 38. Qd2 h6 39. Re1
Nh7 $2 {Now the end comes faster but anyway black was hopeless} 40. a5 $1 $18
Qxa5 41. Nxe6 (41. Ra1 $18 {would have been simpler}) 41... d4 (41... Qb6 42.
Nf4 Ndf8 43. e6 $18) 42. Bc4 Nb6 43. Be2 Be7 44. Qxd4 (44. Ra1 Qd5 45. Nc7 Qc6
46. Nxe8 Qxe8 47. Rxa6 $18) 44... Bc6 45. Rc1 Bd5 46. Nc7 (46. Ra1 $18) 46...
Bb7 47. e6 Rf6 48. Ra1 Na4 (48... Qg5 $1 {And white still has to prove his win}
) 49. Ne8 Qg5 50. Bc1 Qh4 51. Rxa4 Ng5 52. Bxg5 Qxg5 53. Nxf6+ 1-0

[Event "RUS-Cup9"]
[Site "Novgorod"]
[Date "1997.??.??"]
[Round "6"]
[White "Dolmatov, Sergey"]
[Black "Galliamova, Alisa"]
[Result "1-0"]
[WhiteElo "2560"]
[BlackElo "2440"]
[Annotator "Liss,E"]
[PlyCount "76"]
[EventDate "1997.06.11"]
[EventType "swiss"]
[EventRounds "9"]
[EventCountry "RUS"]
[SourceTitle "CBM 060"]
[Source "ChessBase"]
[SourceDate "1997.09.29"]
[SourceVersion "1"]
[SourceVersionDate "1997.09.29"]
[SourceQuality "1"]

1. e4 c5 2. Nf3 Nc6 3. Bb5 e6 4. O-O Nge7 5. b3 a6 6. Bxc6 Nxc6 7. Bb2 b6 8. d4
(8. c4 Bb7 9. Re1 Qc7 10. h3 f6 11. d4 cxd4 12. Nxd4 O-O-O (12... Bd6 $14) 13.
Nc3 Bc5 14. Na4 Rhg8 15. a3 e5 16. Nc2 $16 {Gogichaishvili-Adamek, Brno op.
1994}) 8... cxd4 9. Nxd4 Qf6 10. Bc3 Qg6 11. Nxc6 dxc6 12. Nd2 b5 13. Re1 Bb7 (
13... Be7 14. Nf3 f6 (14... O-O 15. Ne5 Qf6 16. Nxc6 Qxc3 17. Nxe7+ $16) 15.
Nd4 Bd7 16. f4 $36) 14. Nf3 Rd8 15. Qe2 Be7 (15... Bd6 16. Rad1 O-O 17. Ba5 Rd7
18. Ne5 $18) 16. Ba5 $1 Rb8 17. Rad1 Qh5 (17... O-O 18. Ne5 Qg5 19. Nd7 $18) (
17... f6 18. Qe3 $16) 18. Qd2 O-O 19. Qd7 Ba3 (19... Bc5 20. b4 Ba7 21. Bc7
Rbc8 22. Bd6 $18) (19... Bf6 20. e5 Bd8 21. Bxd8 Rbxd8 22. Qxd8 Rxd8 23. Rxd8#)
20. Rd3 (20. b4 c5 $132) 20... c5 (20... Qc5 21. Bc7 Bc8 22. Qd6 Rb7 23. Qxc5
Bxc5 24. Bd6 Bxd6 25. Rxd6 $16) 21. Bc7 Rbc8 (21... Bc8 22. Qe7 Rb7 23. Rd8 $18
) 22. Ne5 (22. Bd6 Bc6 23. Qa7 Ra8 (23... Rfd8 $2 24. Qxa6 c4 25. bxc4 Bxd6 26.
Rxd6 $18) 24. Qb6 Rfc8 25. Bc7 (25. Ne5 Be8 (25... c4 26. Rh3 $1 Qg5 27. Nf3 $1
$18) 26. f4 Qh4 27. Rg3 Qd8 28. Qxd8 Rxd8 29. Be7 Rd2 30. c3 $1 $40 (30. Bf6 g6
31. Rh3 c4 $1 $132)) 25... Be8 26. c4 $5 Bb4 27. Red1 Qg6 $132) 22... c4 $8 (
22... f6 $2 23. Qxe6+ Kh8 24. Rh3 Qe8 (24... Rfe8 25. Qxc8 $18) 25. Qxe8 Rfxe8
(25... Rcxe8 26. Ng6+ $18) 26. Nf7+ Kg8 27. Nd6 Rxc7 28. Nxe8 Rd7 29. Rd3 $18)
23. bxc4 Bc5 24. cxb5 axb5 25. Rf3 (25. Bd6 $5 Bxd6 (25... Rfd8 26. Qxb7 Bxd6
27. Rxd6 (27. Nf3 $1 Qc5 28. Red1 $1 Qxc2 29. Ne1 $1 Qc6 (29... Qe2 30. Rxd6
Qxd1 31. Rxd1 $18) (29... Qc7 30. Rxd6 Rxd6 31. Qxc7 $18) 30. Qxc6 Rxc6 31. e5
$18) 27... Qxe5 28. Red1 $1 Rf8 29. Qxc8 Qxd6 30. Rxd6 Rxc8 $14) 26. Qxd6 Rxc2
27. Nd7 Re8 28. Rg3 Kh8 $132) 25... f6 26. Qxe6+ Kh8 27. Rf5 (27. Rh3 Bxf2+ $1
(27... Rfe8 $2 28. Qxc8 $18) (27... Qe8 28. Qf5 $1 $18) (27... Qxh3 $5 28. gxh3
fxe5 29. Bb6 (29. Bd6 $2 Bxf2+ 30. Kg2 Rf6 $19) 29... Rf6 (29... Rc6 30. Qxc6
Bxc6 31. Bxc5 $14) 30. Qxc8+ $8 Bxc8 31. Bxc5 Rg6+ 32. Kh1 Bxh3 33. Rg1 Rc6 $11
) 28. Kh1 Qxh3 29. gxh3 Rxc7 $1 (29... Bxe1 30. Nf7+ Rxf7 (30... Kg8 31. Nh6+
Kh8 32. Qg8+ Rxg8 33. Nf7#) 31. Qxf7 Bxe4+ 32. Kg1 $16) (29... fxe5 30. Re2
Rxc7 31. Rxf2 $18) 30. Re2 Bc5 (30... Rxc2 31. Nf7+ $18) 31. Nd3 Re7 32. Qf5 (
32. Qb3 Bb6 (32... Rxe4 33. Nxc5 Rxe2+ 34. Nxb7) (32... Ba7 $2 33. Qa3 Rfe8 34.
Qxa7 Bxe4+ 35. Rxe4 Rxa7 36. Rxe8#) 33. Qxb5 (33. Qb4 Rfe8 $40) 33... Rxe4 34.
Qxb6 Rb4+ 35. Qxb7 Rxb7 $19) 32... Ba7 $40) 27... Bxf2+ (27... Qe8 28. Qxe8
Rfxe8 29. Nf7+ Kg8 30. Nh6+ $1 gxh6 31. Rxc5 Re7 (31... Rxe4 32. Rxe4 Bxe4 33.
f3 $16) 32. Bd6 Rxc5 33. Bxe7 $16) 28. Rxf2 (28. Kxf2 fxe5 29. Qxe5 Bxe4 30.
Rxf8+ Rxf8+ 31. Kg1 $11) 28... Rxc7 (28... fxe5 29. Rxf8+ Rxf8 30. Bxe5 $16)
29. Nd3 Re8 30. Qd6 Rce7 31. e5 $1 Re6 (31... h6 32. e6 $1 Qd5 33. Qxd5 Bxd5
34. Nf4 Bxa2 35. Ng6+ $18) 32. Qb4 Qf7 (32... fxe5 $4 33. Rf8+ Rxf8 34. Qxf8#)
33. Ref1 Bd5 34. exf6 gxf6 35. Qxb5 (35. Qd4 Re4 36. Qxf6+ Qxf6 37. Rxf6 Bxa2 {
With good drawing chances for black}) 35... Re2 36. Qb6 R8e6 37. Qb4 Qg7 38.
Qb5 $4 (38. Nf4 R6e4 39. Qc5 Rxf2 40. Rxf2 Bxa2 41. Nh5 Re1+ 42. Rf1 Rxf1+ 43.
Kxf1 Qh6 44. Qc8+ $1 Bg8 45. Qc3 $1 $18) 38... Rxf2 $4 {Black probably lost on
time, but after her move she's lost.} (38... Bxg2 39. Qb8+ Re8 40. Qxe8+ Rxe8
41. Rxg2 Qa7+ $17) (38... Qxg2+ 39. Rxg2 Rxg2+ 40. Kh1 Rg5+ 41. Qxd5 Rxd5 42.
Nf4 Rdd6 43. Nxe6 Rxe6 $11) 1-0

[Event "Linz"]
[Site "Linz"]
[Date "1997.05.25"]
[Round "9"]
[White "Wach, Markus"]
[Black "Glek, Igor Vladimirovich"]
[Result "0-1"]
[WhiteElo "2415"]
[BlackElo "2620"]
[Annotator "Liss,E"]
[PlyCount "70"]
[EventDate "1997.05.17"]
[EventType "tourn"]
[EventRounds "9"]
[EventCountry "AUT"]
[EventCategory "12"]
[SourceTitle "CBM 059"]
[Source "ChessBase"]
[SourceDate "1997.08.01"]
[SourceVersion "1"]
[SourceVersionDate "1997.08.01"]
[SourceQuality "1"]

1. e4 {Rogozenko} c5 2. Nf3 Nc6 3. Bb5 e6 4. Bxc6 bxc6 5. O-O Ne7 6. b3 Ng6 7.
Bb2 f6 8. e5 Be7 9. d3 (9. exf6 Bxf6 (9... gxf6 $5) 10. Bxf6 Qxf6 11. Nc3 O-O
12. Ne4 Qe7 13. d3 (13. d4 cxd4 14. Qxd4 d5 15. Nc5 e5 16. Qc3 Rxf3 $1 17. gxf3
Bh3 18. Kh1 Bxf1 19. Rxf1 Rf8 $17) 13... d5 14. Ng3 e5 15. h3 Qf6 16. Nh2 $15 {
Black had more space for his peaces in Tatai-Cherniaev, Cannes op. 1997}) 9...
Qc7 10. Re1 (10. exf6 gxf6 {with future black domination of the center.}) 10...
O-O 11. Nbd2 fxe5 12. Nxe5 Nh8 $1 $15 {keeping the knight for the future and
preparing the take over of the center Very logical idea of B.Gulko. White
cannot find good squares for both knigts. Due to his strong centre Black will
have soon a huge space advantage, that`s why is important for him to keep on
the board as many pieses as possible.} (12... Nf4 $2 13. Qg4 g6 (13... Nd5 14.
Nxd7 $18) 14. Re4 $1 $40 {with crushing attack}) 13. Qh5 {Black`s position is
already preferable, but with this strange move White only helps his oponent to
develope the initiative on the kingside.} (13. Qg4 Bf6) (13. g3 {Rogozenko} d6
14. Ng4 e5 15. Ne4 Qd7 16. f3 Qf5 17. Kg2 Ng6 $15 {Bisguier-Gulko/Los Angeles
1991}) 13... d6 14. Nec4 Ng6 15. Re3 (15. Nf1 {Rogozenko} Rf5 16. Qd1 d5 17.
Nce3 Rf4 18. Ng3 $15) 15... Rf5 16. Qd1 d5 17. Na3 Bd6 {Black has taken over
the game} 18. Nf1 e5 19. c4 (19. Rf3 {Rogozenko} Rxf3 20. Qxf3 Be6 $17) 19...
Qf7 20. Qe1 Bd7 21. Ng3 Rf4 22. Rc1 (22. Re2 $5 {Rogozenko} Rf8 23. Bc1) 22...
Rf8 23. Rc2 e4 $1 {The expected breakthrough.} 24. dxe4 (24. cxd5 exd3 25. Rxd3
cxd5 {and Black keeps his clear advantage}) 24... d4 $1 25. Rd3 (25. Ree2 $2 d3
$19) 25... Ne5 {Black is a pawn down but all of his peaces are playing as
white's peaces are totally paralized} 26. Rdd2 (26. Rd1 Bg4 27. Rdd2 $8 h5 $40)
26... Qg6 27. Bc1 (27. Kh1 h5 28. Nf5 Bxf5 (28... Rxe4 29. Qxe4 Bxf5 {is also
crushing}) 29. exf5 Qxf5 {with no hope for white}) 27... h5 28. Rd1 (28. Kh1 {
Rogozenko} h4) 28... h4 29. Bxf4 Rxf4 30. Qa5 (30. Ne2 Nf3+ $19) 30... hxg3 31.
hxg3 Rf8 32. Re1 Ng4 33. Qxa7 Qh5 34. Qxd7 Qh2+ 35. Kf1 d3 {with mate following
} 0-1

[Event "Mermaid Beach Club"]
[Site "Bermuda"]
[Date "1997.??.??"]
[Round "4"]
[White "Shaked, Tal"]
[Black "Bezold, Michael"]
[Result "1-0"]
[WhiteElo "2445"]
[BlackElo "2500"]
[Annotator "Liss,E"]
[PlyCount "79"]
[EventDate "1997.01.??"]
[EventType "tourn"]
[EventRounds "11"]
[EventCountry "BER"]
[EventCategory "11"]
[SourceTitle "CBM 058"]
[Source "ChessBase"]
[SourceDate "1997.06.01"]
[SourceVersion "1"]
[SourceVersionDate "1997.06.01"]
[SourceQuality "1"]

1. e4 c5 2. Nf3 Nc6 3. Bb5 e6 4. O-O Nge7 5. Nc3 a6 6. Bxc6 Nxc6 7. d4 cxd4 8.
Nxd4 d6 9. Re1 Be7 10. Nxc6 bxc6 11. Qg4 Kf8 12. b3 f6 (12... d5 13. Qg3 h5 14.
Na4 h4 15. Qc3 Rb8 16. Be3 h3 17. g3 Rb4 18. Bd4 e5 19. Bxe5 d4 20. Qd3 f6 21.
Bf4 c5 22. Rad1 Bg4 23. c3 Rxa4 24. bxa4 Bxd1 25. Rxd1 Rh5 26. Qxa6 Qd7 27. Qe2
g6 28. Be3 Qe6 29. cxd4 Qxe4 30. Bh6+ {1:0 Yudasin-Greenfeld, Haifa 1995}) (
12... h5 13. Qe2 h4 14. Ba3 e5 15. Rad1 Rh6 16. Rd3 Qa5 17. Na4 Rg6 18. h3 c5
19. Bc1 c4 20. Rf3 Be6 21. Bd2 Qb5 22. Nc3 Qc6 23. Rd1 Bd8 24. Be1 Bb6 25. Nd5
cxb3 26. axb3 Bd4 27. Nf4 Rf6 28. Nxe6+ Rxe6 29. c3 Bb6 $14 {Glek-Kishnev
Dortmund op 1992}) 13. Ba3 e5 14. Qg3 g5 $6 {weakening the light squares} 15.
Rad1 Kf7 16. Na4 (16. Rd3 Qc7 17. Red1 Rd8 18. h4 h6 19. Qf3 $5 Be6 20. Ne2 d5
21. Bxe7 Qxe7 22. Ng3 Kg7 {with unclear game} (22... g4 23. Qe3 Kg7 24. f4 $16)
(22... d4 23. Nf5 Bxf5 24. Qxf5 (24. exf5 Qe8 $1 $15) 24... Kg7 25. hxg5 hxg5
26. Rh3 Rh8 27. Rdd3 c5 $11)) 16... Qc7 17. c4 Be6 18. Re3 Rhd8 19. Red3 Qa5 {
black tries to free his position but withot success} 20. h4 $1 (20. Bxd6 Bxd6
21. Rxd6 Rxd6 22. Rxd6 Qe1#) 20... h6 21. Bxd6 Bxc4 22. bxc4 Qxa4 23. Qf3 $1
Qxc4 24. Bxe7 (24. Qf5 Bxd6 (24... Bf8 25. Qh7+ Bg7 26. Bf8 $3 $18) 25. Rxd6
Rxd6 26. Rxd6 Qc1+ 27. Kh2 Qf4+ 28. Qxf4 $14) (24. hxg5 hxg5 25. Qh5+ Kg7 $1
26. Rh3 Rh8) 24... Kxe7 25. Rxd8 Rxd8 26. Rxd8 Kxd8 27. Qxf6+ $18 Kd7 28. Qxe5
gxh4 29. Qf5+ Kc7 30. Qf4+ Kd7 31. Qg4+ Kc7 32. Qxh4 c5 33. Qe7+ Kc6 34. Qf6+
Kb5 35. e5 Qd4 36. Qf5 Qd5 37. g4 c4 38. a4+ Kb4 39. Qf4 Qe6 40. Kf1 1-0